Communication Skills as Part of Continuing Education for Healthcare Professions

Výskumná štúdia sa zaoberá komunikačnými zručnosťami v zdravotníctve z hľadiska ich významu pri vykonávaní zdravotníckych úloh. Teoretické pozadie problematiky bolo spracované na základe domácich a medzinárodných zdrojov. Cieľom výskumnej štúdie je zistiť význam rozvoja komunikačných zručností v lek...

Ausführliche Beschreibung

Gespeichert in:
Bibliographische Detailangaben
1. Verfasser: Matulčíková, Marta, 1964-
Weitere Verfasser: Breveníková, Daniela
Format: Buchkapitel
Sprache:Englisch
Schlagworte:
Tags: Tag hinzufügen
Keine Tags, Fügen Sie das erste Tag hinzu!

MARC

LEADER 00000naa$a2200000$$$4500
001 0312325
005 20250917082555.5
041 0 |a eng 
044 |a SK 
245 1 0 |a Communication Skills as Part of Continuing Education for Healthcare Professions  |c Marta Matulčíková, Daniela Breveníková 
520 |a Výskumná štúdia sa zaoberá komunikačnými zručnosťami v zdravotníctve z hľadiska ich významu pri vykonávaní zdravotníckych úloh. Teoretické pozadie problematiky bolo spracované na základe domácich a medzinárodných zdrojov. Cieľom výskumnej štúdie je zistiť význam rozvoja komunikačných zručností v lekárskej praxi lekárov a preskúmať ochotu lekárov vzdelávať sa v komunikačných zručnostiach. 
610 2 0 |a zručnosti sociálne 
610 2 0 |a komunikácia 
610 2 0 |a zdravotníctvo 
610 2 0 |a práca sociálna 
100 1 |a Matulčíková, Marta, 1964- 
700 1 |a Breveníková, Daniela